[Event "Rhein Main op-B 15th"]
[Site "Bad Homburg"]
[Date "2012.06.09"]
[Round "5"]
[White "Bangert, Ruediger"]
[Black "Korchounov, Andrei"]
[Result "0-1"]
[WhiteElo "1675"]
[BlackElo "1768"]
[PlyCount "58"]
[EventDate "2012.06.06"]
[EventType "swiss"]
[EventRounds "7"]
[EventCountry "GER"]
[SourceTitle "EXT 2013"]
[Source "ChessBase"]
[SourceDate "2012.11.22"]
[SourceVersion "1"]
[SourceVersionDate "2012.11.22"]
[SourceQuality "1"]

1. Nf3 c5 2. g3 g6 3. Bg2 Bg7 4. Nc3 Nc6 5. d3 e5 6. Bg5 Nge7 7. 0-0 h6 8. Be3 d6 9. a3 0-0 10. Rb1 Rb8 11. Nd2 Be6 12. Nf3 Nd4 13. Kh1 Nxf3 14. exf3 Qd7 15. g4 g5 16. Qd2 Ng6 17. Ne4 f5 18. gxf5 Bxf5 19. Ng3 Bh3 20. Rg1 Bxg2+ 21. Rxg2 Nh4 22. Bxg5 hxg5 23. Qxg5 Nxg2 24. Nh5 Nf4 25. Nxf4 Rxf4 26. Rg1 Rxf3 27. Qh6 Rxf2 28. Rxg7+ Qxg7 29. Qe6+ Rf7 0-1

[Event "Rhein Main op-B 15th"]
[Site "Bad Homburg"]
[Date "2012.06.08"]
[Round "4"]
[White "Korchounov, Andrei"]
[Black "Tresch, Lukas"]
[Result "0-1"]
[WhiteElo "1768"]
[BlackElo "1551"]
[PlyCount "82"]
[EventDate "2012.06.06"]
[EventType "swiss"]
[EventRounds "7"]
[EventCountry "GER"]
[SourceTitle "EXT 2013"]
[Source "ChessBase"]
[SourceDate "2012.11.22"]
[SourceVersion "1"]
[SourceVersionDate "2012.11.22"]
[SourceQuality "1"]

1. c4 c6 2. g3 Nf6 3. Bg2 d5 4. Nf3 e6 5. b3 Nbd7 6. d4 Bb4+ 7. Nbd2 0-0 8. 0-0 Re8 9. Ne5 Bc3 10. Rb1 Nxe5 11. dxe5 Bxe5 12. Nf3 Bd6 13. Bb2 b6 14. Rc1 Bb7 15. Nd4 Rc8 16. e3 Qe7 17. Ba1 dxc4 18. bxc4 Red8 19. Qa4 c5 20. Nb5 Bxg2 21. Kxg2 Qb7+ 22. Kg1 a6 23. Nc3 Be7 24. Rfd1 Rxd1+ 25. Rxd1 Rd8 26. Rxd8+ Bxd8 27. Qc2 Qc6 28. a4 Be7 29. h3 Ne8 30. Ne4 Nd6 31. Qc3 Bf8 32. Nf6+ Kh8 33. Nh5 Ne8 34. Qe5 Qd6 35. Qb2 Qd1+ 36. Kg2 Qxh5 37. Qxb6 Qd1 38. Qb8 Qxa4 39. Bc3 Kg8 40. Be5 Qxc4 41. Bf4 Qb5 0-1

[Event "Rhein Main op-A 14th"]
[Site "Bad Homburg"]
[Date "2011.06.25"]
[Round "6"]
[White "Korchounov, Andrei"]
[Black "Zilch, Lothar"]
[Result "0-1"]
[WhiteElo "1764"]
[BlackElo "2013"]
[PlyCount "72"]
[EventDate "2011.06.22"]
[EventType "swiss"]
[EventRounds "7"]
[EventCountry "GER"]
[SourceTitle "EXT 2012"]
[Source "ChessBase"]
[SourceDate "2011.11.24"]
[SourceVersion "1"]
[SourceVersionDate "2011.11.24"]
[SourceQuality "1"]

1. c4 Nf6 2. g3 e6 3. Bg2 d5 4. Nf3 Be7 5. 0-0 0-0 6. b3 c6 7. Bb2 Nbd7 8. d4 a5 9. Nbd2 b6 10. Ne5 Nxe5 11. dxe5 Nd7 12. e4 dxc4 13. Nxc4 Ba6 14. Qc2 Qc7 15. Rfd1 Bxc4 16. Qxc4 Rad8 17. f4 h6 18. Qe2 Nc5 19. Qf3 Rxd1+ 20. Rxd1 Rd8 21. f5 Rxd1+ 22. Qxd1 Qd8 23. Qxd8+ Bxd8 24. Bd4 Nd3 25. fxe6 fxe6 26. Bh3 Kf7 27. Kf1 Nc1 28. Ke1 Nxa2 29. Kd1 Nb4 30. Kd2 Na6 31. Bf1 Nb8 32. Kd3 Nd7 33. Ke3 Be7 34. Bc3 Bc5+ 35. Kd3 Bg1 36. Ke2 Nc5 0-1

[Event "Rhein Main op-A 14th"]
[Site "Bad Homburg"]
[Date "2011.06.23"]
[Round "3"]
[White "Hedlerfog, Robert"]
[Black "Korchounov, Andrei"]
[Result "1/2-1/2"]
[WhiteElo "1927"]
[BlackElo "1764"]
[PlyCount "66"]
[EventDate "2011.06.22"]
[EventType "swiss"]
[EventRounds "7"]
[EventCountry "GER"]
[SourceTitle "EXT 2012"]
[Source "ChessBase"]
[SourceDate "2011.11.24"]
[SourceVersion "1"]
[SourceVersionDate "2011.11.24"]
[SourceQuality "1"]

1. d4 d5 2. Nf3 Nc6 3. Bf4 Bg4 4. e3 e6 5. c4 Nf6 6. a3 a5 7. Nc3 Bd6 8. Bg5 h6 9. Bh4 Be7 10. Rc1 Ne4 11. Bxe7 Nxe7 12. Qb3 Bxf3 13. gxf3 Nxc3 14. Qxc3 c6 15. Rg1 g6 16. f4 Nf5 17. cxd5 exd5 18. Bd3 Qf6 19. Qc5 Qe6 20. Ke2 Nd6 21. Qc2 Ne4 22. f3 Nd6 23. Rg3 f5 24. Rcg1 Rg8 25. h4 h5 26. b3 Kf7 27. Kf2 Rae8 28. Qd2 Qe7 29. Rg5 Qc7 30. Qc2 Qe7 31. Qd2 Kf6 32. R5g2 Kf7 33. Rg5 Kf6 1/2-1/2

[Event "Karl Mala Memorial op 13th"]
[Site "Frankfurt"]
[Date "2010.07.10"]
[Round "4"]
[White "Nothnagel, Marian Can"]
[Black "Korchounov, Andrei"]
[Result "0-1"]
[WhiteElo "1245"]
[BlackElo "1657"]
[PlyCount "46"]
[EventDate "2010.07.08"]
[EventType "swiss"]
[EventRounds "7"]
[EventCountry "GER"]
[SourceTitle "EXT 2012"]
[Source "ChessBase"]
[SourceDate "2011.11.24"]
[SourceVersion "1"]
[SourceVersionDate "2011.11.24"]
[SourceQuality "1"]

1. e4 e5 2. Nf3 d6 3. Nc3 Nf6 4. Bc4 Be7 5. d3 0-0 6. Be3 c6 7. Bb3 Qc7 8. Qd2 Ng4 9. h3 Nxe3 10. fxe3 Be6 11. Bxe6 fxe6 12. 0-0-0 d5 13. exd5 exd5 14. Rhf1 Na6 15. e4 d4 16. Ne2 Rae8 17. Ng3 Bb4 18. Qe2 g6 19. Nh2 Qa5 20. Kb1 Bc3 21. bxc3 dxc3 22. Rxf8+ Rxf8 23. Ka1 Nb4 0-1

[Event "Rhein Main op 13th"]
[Site "Bad Homburg"]
[Date "2010.06.06"]
[Round "7"]
[White "Korchounov, Andrei"]
[Black "Hillgaertner, Walter"]
[Result "1/2-1/2"]
[WhiteElo "1735"]
[BlackElo "1934"]
[PlyCount "117"]
[EventDate "2010.06.02"]
[EventType "swiss"]
[EventRounds "7"]
[EventCountry "GER"]
[SourceTitle "EXT 2011"]
[Source "ChessBase"]
[SourceDate "2010.11.26"]
[SourceVersion "1"]
[SourceVersionDate "2010.11.26"]
[SourceQuality "1"]

1. c4 g6 2. g3 Bg7 3. Bg2 e5 4. Nc3 d6 5. d3 Ne7 6. e3 Nd7 7. Nge2 Nf6 8. Nd5 0-0 9. 0-0 c6 10. Nxe7+ Qxe7 11. e4 Ne8 12. Rb1 Nc7 13. Be3 a6 14. Bb6 Ne6 15. b4 Bd7 16. a4 Rac8 17. Qb3 Kh8 18. Qa3 f5 19. f3 Rf7 20. Qa2 Nf8 21. Nc1 Be6 22. b5 axb5 23. axb5 Nd7 24. Bf2 c5 25. Rb3 Rff8 26. Ra3 b6 27. Ra7 Qd8 28. Ne2 h5 29. Nc3 f4 30. Nd5 Bxd5 31. exd5 Ra8 32. Ra6 g5 33. Bh3 Rb8 34. Be6 Nf6 35. h3 fxg3 36. Bxg3 h4 37. Be1 Nh5 38. Bd2 Nf4 39. Bxf4 exf4 40. Ra7 Qf6 41. Kg2 Qc3 42. Ra3 Qd4 43. Re1 Qf6 44. Re2 Qd4 45. Qb3 Ra8 46. Ra6 Rab8 47. Rea2 Qe3 48. Qc2 Bd4 49. Qd1 Bf6 50. Ra7 Qd4 51. Qd2 Qe5 52. Rd7 Ra8 53. Raa7 Rxa7 54. Rxa7 Qd4 55. Qc2 Bg7 56. Qd2 Bf6 57. Ra6 Rb8 58. Ra7 Bg7 59. Ra6 1/2-1/2

[Event "Rhein Main op 13th"]
[Site "Bad Homburg"]
[Date "2010.06.05"]
[Round "5"]
[White "Korchounov, Andrei"]
[Black "Rump, Andreas"]
[Result "1/2-1/2"]
[WhiteElo "1735"]
[BlackElo "1950"]
[PlyCount "61"]
[EventDate "2010.06.02"]
[EventType "swiss"]
[EventRounds "7"]
[EventCountry "GER"]
[SourceTitle "EXT 2011"]
[Source "ChessBase"]
[SourceDate "2010.11.26"]
[SourceVersion "1"]
[SourceVersionDate "2010.11.26"]
[SourceQuality "1"]

1. c4 g6 2. g3 Bg7 3. Bg2 c5 4. Nc3 Nc6 5. e4 d6 6. Nge2 Nf6 7. 0-0 0-0 8. d3 Ng4 9. h3 Nge5 10. f4 Nd7 11. Be3 e6 12. Qd2 Nd4 13. g4 Nb8 14. Kh2 Nbc6 15. Ng3 f5 16. exf5 exf5 17. g5 Be6 18. Rfe1 Qd7 19. Bxd4 Nxd4 20. Nge2 Nc6 21. Ng3 Kh8 22. h4 Rae8 23. h5 Bd4 24. h6 Rf7 25. Nge2 Rfe7 26. Nxd4 Nxd4 27. Nb5 d5 28. Nxd4 cxd4 29. c5 Qb5 30. a4 Qxc5 31. Rac1 1/2-1/2

[Event "Karl Mala Memorial op 12th"]
[Site "Frankfurt"]
[Date "2009.07.16"]
[Round "1"]
[White "Hilbenz, Guntram"]
[Black "Korchounov, Andrei"]
[Result "1-0"]
[WhiteElo "1956"]
[BlackElo "1361"]
[PlyCount "93"]
[EventDate "2009.07.16"]
[EventType "swiss"]
[EventRounds "7"]
[EventCountry "GER"]
[SourceTitle "EXT 2010"]
[Source "ChessBase"]
[SourceDate "2010.11.25"]
[SourceVersion "1"]
[SourceVersionDate "2010.11.25"]
[SourceQuality "1"]

1. Nf3 c6 2. c4 d5 3. b3 Nf6 4. g3 Bf5 5. Bg2 e6 6. 0-0 Be7 7. Bb2 0-0 8. d3 Nbd7 9. Nbd2 Re8 10. a3 Nb6 11. Qc2 dxc4 12. Nxc4 Nxc4 13. Qxc4 Nd7 14. b4 Nb6 15. Qb3 Nd7 16. Nd2 a5 17. Nc4 axb4 18. axb4 Qc7 19. Rxa8 Rxa8 20. Ra1 Rxa1+ 21. Bxa1 h6 22. Bc3 Bg4 23. Qb2 Bf6 24. Bxf6 Nxf6 25. d4 Qd8 26. e4 Nd7 27. h3 Bh5 28. e5 Nb6 29. Nd6 Qd7 30. Qa2 f6 31. Qa7 Nd5 32. Bxd5 cxd5 33. Qxb7 Qa4 34. Qc8+ Kh7 35. Qxe6 Qd1+ 36. Kh2 Qxd4 37. Qf5+ Bg6 38. Qf4 Qxe5 39. Qxe5 fxe5 40. b5 Bd3 41. b6 Ba6 42. b7 Bxb7 43. Nxb7 Kg6 44. Kg2 e4 45. Kf1 Kf5 46. Ke2 g5 47. Nd6+ 1-0

[Event "Rhein Main op 12th"]
[Site "Bad Homburg"]
[Date "2009.06.10"]
[Round "1"]
[White "Korchounov, Andrei"]
[Black "Czikuss, Hans Joachim"]
[Result "0-1"]
[WhiteElo "1353"]
[BlackElo "1972"]
[PlyCount "98"]
[EventDate "2009.06.10"]
[EventType "swiss"]
[EventRounds "7"]
[EventCountry "GER"]
[SourceTitle "CBM 131 Extra"]
[Source "ChessBase"]
[SourceDate "2009.09.03"]
[SourceVersion "2"]
[SourceVersionDate "2009.09.16"]
[SourceQuality "1"]

1. e4 c5 2. Nf3 Nc6 3. d4 cxd4 4. Nxd4 g6 5. Nc3 Bg7 6. Be3 Nf6 7. f3 0-0 8. Bc4 Qb6 9. Bb3 Nxe4 10. Nd5 Qa5+ 11. c3 Nc5 12. Nxc6 dxc6 13. Nxe7+ Kh8 14. Nxc8 Re8 15. Kf2 Raxc8 16. Qc2 Rcd8 17. Rad1 Qb5 18. Bd4 Bxd4+ 19. cxd4 Nxb3 20. axb3 Rd5 21. Rhe1 Rdd8 22. Qc4 Qd5 23. Qxd5 cxd5 24. Rxe8+ Rxe8 25. Ra1 a6 26. Rc1 Re6 27. Rc5 Rb6 28. Rxd5 Rxb3 29. Rc5 Rxb2+ 30. Ke3 Kg7 31. Re5 Rb3+ 32. Ke4 Rb4 33. Ke3 Kf8 34. d5 Rb1 35. Kd2 Rb5 36. Kc3 f6 37. Re6 Rxd5 38. Rxf6+ Ke7 39. Rb6 Rd7 40. Kc2 Kd8 41. Rb4 Kc8 42. h4 b5 43. Re4 Rc7+ 44. Kd3 Kd7 45. Ke3 a5 46. Re5 Rb7 47. h5 a4 48. hxg6 hxg6 49. Kd3 b4 0-1